Statistics for Star Wars Original Trilogy Characters by Picture

Click here to take the quiz!

General Stats

  • This quiz has been taken 19,417 times
  • The average score is 16 of 20

Answer Stats

Answer% Correct
Luke Skywalker
99%
R2-D2
99%
Chewbacca
98%
Darth Vader
98%
Han Solo
98%
Princess Leia
98%
Yoda
98%
C-3PO
96%
Obi-Wan Kenobi
94%
Jabba The Hutt
91%
Emperor Palpatine
90%
Boba Fett
85%
Lando Calrissian
79%
Wicket
76%
Admiral Ackbar
61%
Greedo
56%
Grand Moff Tarkin
51%
Uncle Owen
50%
Aunt Beru
36%
Wedge Antilles
28%

Score Distribution

Percentile by Number Answered

Percent of People with Each Score

Your Score History

You have not taken this quiz